IMMUNIOLOGY (Record no. 4200)

MARC details
000 -LEADER
fixed length control field 00385nam a22001697a 4500
005 - DATE AND TIME OF LATEST TRANSACTION
control field 20190124112942.0
008 - FIXED-LENGTH DATA ELEMENTS--GENERAL INFORMATION
fixed length control field 160627b xxu||||| |||| 00| 0 eng d
020 ## - INTERNATIONAL STANDARD BOOK NUMBER
ISBN 0-7167-4947-5
041 ## - LANGUAGE CODE
Language code of text/sound track or separate title eng
082 ## - DEWEY DECIMAL CLASSIFICATION NUMBER
Item number 10273
100 ## - MAIN ENTRY--AUTHOR NAME
Personal name GOLDSBY, RICHARD A. AND OTHERS
245 ## - TITLE STATEMENT
Title IMMUNIOLOGY
260 ## - PUBLICATION, DISTRIBUTION, ETC. (IMPRINT)
Name of publisher Freeman
300 ## - PHYSICAL DESCRIPTION
Number of Pages 550
650 ## - SUBJECT ADDED ENTRY--TOPICAL TERM
Topical Term Agriculture
942 ## - ADDED ENTRY ELEMENTS (KOHA)
Koha item type Books
Holdings
Lost status Damaged status Collection code Home library Current library Shelving location Date acquired Source of acquisition Full call number Accession Number Koha item type
    AGRICULTURE JRU Library JRU Library SHELF-2-E 27/06/2016 PURCHASE 571.96 10273 Books